Top 15 Running backs of the 2024-25 season - Statistics

General Stats
  • This quiz has been taken 21 times
  • The average score is 8 of 15
Answer Stats
Hint Answer % Correct
2. Derrick Henry
93%
1. Saquon Barkley
93%
4. Bijan Robinson
79%
13. Jonathan Taylor
71%
3. Jahmyr Gibbs
64%
5. Josh Jacobs
64%
8. Joe Mixon
57%
6. Kyren Williams
57%
11. Chuba Hubbard
50%
10. David Montgomery
43%
7. Alvin Kamara
36%
9. James Conner
36%
15. JK Dobbins
29%
12. Chase Brown
0%
14. Kenneth Walker
0%
No matching quizzes found
Score Distribution
Percent of People with Each Score
Percentile by Number Answered
Your Score History
You have not taken this quiz